A-Z Cities: Netherlands - Statistics

General Stats
  • This quiz has been taken 32 times
    21 since last reset
  • The average score is 11 of 21
Answer Stats
Hint Answer % Correct
A Amsterdam
100%
R Rotterdam
85%
B Breda
80%
H Den Haag
80%
U Utrecht
80%
G Groningen
75%
M Maastricht
75%
N Nijmegen
70%
E Eindhoven
65%
D Dordrecht
50%
T Tilburg
50%
L Leiden
45%
S Sittard-Geleen
45%
V Venlo
45%
O Oss
40%
C Capelle aan den IJssel
30%
Z Zaanstad
30%
P Purmerend
20%
I IJsselstein
10%
K Kampen
10%
W Westland
0%
No matching quizzes found
Score Distribution
Percent of People with Each Score
Percentile by Number Answered
Your Score History
You have not taken this quiz since the last reset